000 00365nam a2200157 4500
008 190319s1974||||xo d
100 1 _aKacáni Vladislav
_9967
245 1 0 _aÚvod do pedagogiky
250 _a1. vydanie
260 _bSPN
_aBratislava
_c1974
300 _a158 s.
020 _a67-026-74
_c0
041 1 _aslo
044 _axo
_cSK
958 _aAPR
999 _c22228
_d22228